000 00755cam a2200253 a 4500
001 000007757
005 20200929154304.0
008 920304s1992 sp 000 f spa d
020 _a8432205788
040 _aDO-SdBNP
_bspa
_cDLC
_dDLC
_dBNPHU
082 _a863.64
_bV393a, 1992
100 1 _aVázquez Montalbán, Manuel,
_d1939-2003
_920828
245 1 4 _aLos alegres muchachos de Atzavara /
_cManuel Vázquez Montalbán.
250 _a5a ed.
260 _aBarcelona :
_bSeix Barral,
_c1992.
300 _a287 p. ;
_c20 cm.
490 1 _aBiblioteca breve
650 4 _aNovela española
_91123
650 4 _aLiteratura española
_9632
830 0 _aBiblioteca breve
_913442
910 _aCatalogación por copia / LC
910 _aWM
049 _aBNGR
999 _c7535
_d7535